Statistics for Provinces of Thailand by Picture

Click here to take the quiz!

General Stats

  • This quiz has been taken 12 times
  • The average score is 32 of 77

Answer Stats

Answer% Correct
Bangkok
86%
Ayutthaya
71%
Lampang
71%
Yala
71%
Chanthaburi
57%
Chiang Mai
57%
Chiang Rai
57%
Krabi
57%
Loei
57%
Lopburi
57%
Nakhon Phanom
57%
Nakhon Ratchasima
57%
Nan
57%
Narathiwat
57%
Nong Khai
57%
Pattani
57%
Phichit
57%
Phuket
57%
Samut Prakan
57%
Satun
57%
Suphanburi
57%
Surin
57%
Tak
57%
Trang
57%
Ubon Ratchathani
57%
Udon Thani
57%
Amnat Charoen
43%
Ang Thong
43%
Buriram
43%
Chonburi
43%
Kalasin
43%
Kanchanaburi
43%
Mae Hong Son
43%
Maha Sarakham
43%
Mukdahan
43%
Nakhon Nayok
43%
Nakhon Si Thammarat
43%
Nonthaburi
43%
Phang Nga
43%
Ranong
43%
Ratchaburi
43%
Rayong
43%
Roi Et
43%
Saraburi
43%
Sukhothai
43%
Uttaradit
43%
Yasothon
43%
Bueng Kan
29%
Chainat
29%
Chumphon
29%
Khon Kaen
29%
Lamphun
29%
Nakhon Pathom
29%
Nakhon Sawan
29%
Nong Bua Lamphu
29%
Pathum Thani
29%
Phatthalung
29%
Phayao
29%
Phetchaburi
29%
Phitsanulok
29%
Phrae
29%
Prachinburi
29%
Prachuap Khiri Khan
29%
Sakon Nakhon
29%
Samut Songkhram
29%
Singburi
29%
Sisaket
29%
Songkhla
29%
Surat Thani
29%
Trat
29%
Chachoengsao
14%
Chaiyaphum
14%
Kampaeng Phet
14%
Phetchabun
14%
Sa Kaeo
14%
Samut Sakhon
14%
Uthai Thani
0%

Score Distribution

Percentile by Number Answered

Percent of People with Each Score

Your Score History

You have not taken this quiz